Marine rudders, hydrofoils and control surfaces : (Record no. 27285)

000 -LEADER
fixed length control field 01152cam a22003371i 4500
006 - FIXED-LENGTH DATA ELEMENTS--ADDITIONAL MATERIAL CHARACTERISTICS--GENERAL INFORMATION
fixed length control field m o d
007 - PHYSICAL DESCRIPTION FIXED FIELD--GENERAL INFORMATION
fixed length control field cr |||||||||||
008 - FIXED-LENGTH DATA ELEMENTS--GENERAL INFORMATION
fixed length control field 210805s2021 ne a o 000 0 eng d
015 ## - NATIONAL BIBLIOGRAPHY NUMBER
National bibliography number GBC1D3799
Source bnb
016 7# - NATIONAL BIBLIOGRAPHIC AGENCY CONTROL NUMBER
Record control number 020292133
Source Uk
020 ## - INTERNATIONAL STANDARD BOOK NUMBER
International Standard Book Number 9780323853644
Qualifying information (R) (ePub ebook)
International Standard Book Number 0323853641
Qualifying information (R) (ePub ebook)
Qualifying information (R) (pbk.)
040 ## - CATALOGING SOURCE
Original cataloging agency UKMGB
Language of cataloging eng
Description conventions rda
-- pn
082 04 - DEWEY DECIMAL CLASSIFICATION NUMBER
Classification number 623.862
Edition number 23
100 1# - MAIN ENTRY--PERSONAL NAME
Personal name Molland, Anthony F.,
245 10 - TITLE STATEMENT
Title Marine rudders, hydrofoils and control surfaces :
Remainder of title principles, data, design and applications /
250 ## - EDITION STATEMENT
Edition statement Second edition.
260 ## - PUBLICATION, DISTRIBUTION, ETC. (IMPRINT)
Place of publication, distribution, etc Singapore :
Name of publisher, distributor, etc Elsevier,
Date of publication, distribution, etc 2022.
300 ## - PHYSICAL DESCRIPTION
Extent 1 online resource :
Other physical details illustrations (black and white, and colour)
650 #0 - SUBJECT ADDED ENTRY--TOPICAL TERM
Topical term or geographic name as entry element Steering-gear.
Topical term or geographic name as entry element Ships
General subdivision Hydrodynamics.
Topical term or geographic name as entry element Gouvernail.
Topical term or geographic name as entry element Navires
General subdivision Hydrodynamique.
Topical term or geographic name as entry element Ships
General subdivision Hydrodynamics.
Source of heading or term fast
Topical term or geographic name as entry element Steering-gear.
Source of heading or term fast
700 1# - ADDED ENTRY--PERSONAL NAME
Personal name Turnock, Stephen R.,
Relator term author.
776 08 - ADDITIONAL PHYSICAL FORM ENTRY
Display text Print version :
International Standard Book Number 9780128243787
856 40 - ELECTRONIC LOCATION AND ACCESS
Uniform Resource Identifier <a href="https://www.sciencedirect.com/science/book/9780128243787">https://www.sciencedirect.com/science/book/9780128243787</a>
942 ## - ADDED ENTRY ELEMENTS (KOHA)
Item type E-Book

No items available.

Designed and Maintained by IMU-KC Library, Kolkata Campus © Copyright All Rights Reserved

webs counters

Powered by Koha